Top 100 Universities in the World - Statistics

General Stats
  • This quiz has been taken 164 times
  • The average score is 45 of 100
Answer Stats
Position Country Answer % Correct
5 US Harvard University
99%
4 UK University of Oxford
95%
6 UK University of Cambridge
88%
9 UK UCL
84%
1 US MIT
83%
21 US Yale University
82%
2 UK Imperial College London
79%
7 Switzerland ETH Zurich
75%
3 US Stanford University
74%
26 Australia The University of Sydney
74%
96 Australia University of Technology Sydney
74%
12 Singapore Nanyang Technological University, Singapore (NTU Singapore)
73%
8 Singapore National University of Singapore (NUS)
73%
46 US University of California, Los Angeles (UCLA)
73%
25 US Princeton University
70%
19 Australia The University of Melbourne
70%
88 Germany Freie Universitaet Berlin
66%
56 UK The London School of Economics and Political Science (LSE)
66%
53 Netherlands University of Amsterdam
66%
36 Japan The University of Tokyo
65%
85 Japan Tokyo Institute of Technology (Tokyo Tech)
65%
67 Saudi Arabia KFUPM
64%
38 South Korea Seoul National University
63%
29 Canada University of Toronto
62%
100 Switzerland University of Zurich
62%
38 US Columbia University
61%
22 Germany Technical University of Munich
61%
47 China Shanghai Jiao Tong University
60%
10 US California Institute of Technology (Caltech)
59%
63 China City University of Hong Kong (CityUHK)
59%
58 Germany Ludwig-Maximilians-Universität München
59%
13 US University of Chicago
59%
28 France Université PSL
58%
55 US New York University (NYU)
57%
33 China The Chinese University of Hong Kong (CUHK)
57%
54 China The Hong Kong Polytechnic University
57%
44 China The Hong Kong University of Science and Technology
57%
11 China The University of Hong Kong
57%
17 US University of California, Berkeley (UCB)
55%
41 France Institut Polytechnique de Paris
54%
70 France Université Paris-Saclay
54%
75 Ireland Trinity College Dublin, The University of Dublin
53%
34 UK The University of Edinburgh
51%
35 UK The University of Manchester
51%
69 US Brown University
50%
16 US Cornell University
50%
68 US University of Texas at Austin
49%
82 US Pennsylvania State University
48%
15 US University of Pennsylvania
48%
60 Belgium KU Leuven
45%
98 Italy Politecnico di Milano
45%
66 US University of California, San Diego (UCSD)
45%
65 New Zealand The University of Auckland
42%
51 UK University of Bristol
42%
91 Japan Osaka University
41%
81 US University of Washington
41%
27 Canada McGill University
40%
76 UK University of Birmingham
40%
57 Japan Kyoto University
39%
14 China Peking University
39%
79 UK University of Glasgow
38%
84 Argentina Universidad de Buenos Aires (UBA)
37%
62 US Duke University
36%
42 US Northwestern University
36%
88 US Boston University
35%
31 UK King's College London
35%
86 UK University of Leeds
35%
45 US University of Michigan-Ann Arbor
34%
22 Switzerland EPFL – École polytechnique fédérale de Lausanne
32%
72 France Sorbonne University
32%
82 Australia Adelaide University
30%
64 Taiwan National Taiwan University (NTU)
30%
17 China Tsinghua University
30%
40 Canada University of British Columbia
30%
20 Australia The University of New South Wales (UNSW Sydney)
27%
74 UK The University of Warwick
27%
94 UK Durham University
26%
24 US Johns Hopkins University
26%
97 UK University of Nottingham
24%
92 UK The University of Sheffield
23%
70 US University of Illinois Urbana-Champaign
23%
32 Australia Australian National University (ANU)
21%
36 Australia Monash University
21%
52 US Carnegie Mellon University
20%
58 Malaysia Universiti Malaya (UM)
17%
87 UK University of Southampton
17%
93 Sweden Uppsala University
17%
47 Netherlands Delft University of Technology
16%
72 Sweden Lund University
16%
90 US Purdue University
15%
42 Australia The University of Queensland
15%
30 China Fudan University
14%
61 South Korea Korea University
14%
80 Germany Universität Heidelberg
14%
94 Canada University of Alberta
14%
50 South Korea Yonsei University
13%
49 China Zhejiang University
11%
77 Australia The University of Western Australia
9%
98 Germany KIT, Karlsruhe Institute of Technology
7%
78 Sweden KTH Royal Institute of Technology
7%
No matching quizzes found
Score Distribution
Percent of People with Each Score
Percentile by Number Answered
Your Score History
You have not taken this quiz